000 01209cam a22003378i 4500
001 18658434
003 SISC
005 20170126131732.0
008 150615s2015 ii b 001 0 eng
010 _a 2015022366
020 _a9789351502579 (pbk. : alk. paper)
040 _aDLC
_beng
_cDLC
_erda
042 _apcc
043 _ad------
050 0 0 _aHD 76
_b.M45 2015
082 0 0 _a338.9009172/4
100 1 _aMelkote, Srinivas R.
_d1952-
240 1 0 _aCommunication for development in the Third World.
245 1 0 _aCommunication for development :
_btheory and practice for empowerment and social justice /
_cSrinivas Raj Melkote and H. Leslie Steeves.
250 _a3rd edition.
260 _aLos Angeles :
_bSage,
_c2015.
263 _a1508
300 _axxv, 537 pages :
_billustrations ;
_c23 cm.
500 _aIncludes bibliographical references and index.
650 0 _aCommunication in economic development
_zDeveloping countries.
651 0 _aDeveloping countries
_xEconomic policy.
700 1 _aSteeves, H. Leslie.
906 _a7
_bcbc
_corignew
_d1
_eecip
_f20
_gy-gencatlg
942 _2lcc
_cBK
999 _c291501
_d291501